000
00343pam a2200157a 44500
008
230515b1992 xxu||||| |||| 00| 0 eng d
020
_a
NULL
041
_a
ENGLISH
082
_a
630
100
_a
IS: 1992
245
_a
METHODS OF TEST FOR SOILS - PART-18
250
_a
0
260
_a
DELHI
_b
ISI
_c
1992
300
_a
18
650
_a
NULL
999
_c
652595
_d
652595